| 000 | 00562nam a2200157 i 4500 | ||
|---|---|---|---|
| 001 | 187709 | ||
| 003 | ES-MaACL | ||
| 005 | 20230906223018.0 | ||
| 008 | 180129q19001910be |||| | spa d | ||
| 245 | 0 | 0 |
_aGeneradores de vapor multitubulares de tubos de agua _b: G. Bailly-Mathot, Chênée, cerca de Lieja (Bélgica). |
| 260 |
_a[S.l. : _bs.n., _c190?] ( _eAnvers : _fLaporte&Dosse) |
||
| 300 |
_a31 p.,[1] h. pleg. : _bil. ; _c23 cm. |
||
| 650 | 4 |
_aCalderas de vapor. _9164125 |
|
| 710 | 2 |
_aG. Bailly-Mathot (Chênée) _9164126 |
|
| 852 |
_aES-MaACL _jT-1163-F-2 |
||
| 999 |
_c187709 _d187709 |
||